00309nam a2200121Ia 4500008004100000040001700041041001200058082001600070100002700086245003200113260003000145300001200175230917s9999||||xx |||||||||||||| ||und|| e153169aMAIN aEnglish a294.6 D969S aDwivedi, Hazari Prasad 0aSikh guruon ka punya smaran aNew DelhibRajkamalc1979 a115p p.